00645 a2200193 4500003000400000005001700004008004100021020001800062040000900080082002000089100002800109245004800137250001200185260003300197300001000230942004600240952014800286999001700434OSt20231204122520.0231204b |||||||| |||| 00| 0 eng d a9789353902544 coclc a894.8123bRAM/A aRamakrishnan, T D97031 aAndhar Badhirar Mookar /cT.D. Ramakrishnan a8th ed. aKottayam:bD C Books,c2023. a176p. 2ddccBKh894.8123iRAM/Ak894.8123mRAM/A 00102ddc40708FICaMESbMEScMALd2023-12-04l14m12o894.8123 RAM/Ap43329r2026-03-16 10:54:31s2026-03-04v220.00w2023-12-04yBKzGR28R2 c43959d43959